Т. 2: Чтения о богочеловечестве. Философская публицистика; Сочинения

Bibliografische gegevens
Parent link:Соловьев, Владимир Сергеевич. Сочинения: В 2 т.. Т. 2: Чтения о богочеловечестве. Философская публицистика.— , 1989
Taal:Russisch
Gepubliceerd in: 1989
Onderwerpen:
Formaat: MixedMaterials Boek
KOHA link:https://koha.lib.tpu.ru/cgi-bin/koha/opac-detail.pl?biblionumber=19854

MARC

LEADER 00000nam2a2200000 4500
001 19854
005 20231030191850.0
035 |a (RuTPU)RU\TPU\book\20024 
035 |a BOOK00020094 
090 |a 19854 
100 |a 20011209d1989 k y0rusy50 ca 
101 0 |a rus 
102 |a RU 
105 |a y z 000zy 
200 0 |a Т. 2: Чтения о богочеловечестве. Философская публицистика 
210 |d 1989 
215 |a 735 с. 
461 1 |0 (RuTPU)RU\TPU\book\20023  |t Сочинения  |o В 2 т.  |v Т. 2: Чтения о богочеловечестве. Философская публицистика  |d 1989  |s Из истории отечественной философской мысли  |a Соловьев, Владимир Сергеевич 
610 1 |a философия 
610 1 |a русская философия 
610 1 |a 19 век 
610 1 |a история 
610 1 |a этика 
610 1 |a религиозная философия 
610 1 |a нравственность 
686 |a Ю3(2)50  |v LBC/SL-A  |2 rubbk 
801 0 |a RU  |b 63413507  |c 20011209  |g PSBO 
801 2 |a RU  |b 63413507  |c 20160225  |g PSBO 
942 |c BK